[Event "Aragon-chT Honor Titulo"]
[Site "Aragon"]
[Date "2023.03.25"]
[Round "9.10"]
[White "Navarro Alonso, Jorge Luis"]
[Black "Villuendas Valero, Adrian"]
[Result "0-1"]
[WhiteElo "2186"]
[BlackElo "2259"]
[PlyCount "35"]
[EventDate "2023.03.18"]
[EventType "team-tourn"]
[EventRounds "10"]
[EventCountry "ESP"]
[SourceTitle "EXT 2024"]
[Source "ChessBase"]
[SourceDate "2023.10.10"]
[SourceVersion "1"]
[SourceVersionDate "2023.10.10"]
[SourceQuality "1"]
[WhiteTeam "Helios"]
[BlackTeam "El Olivar"]
[WhiteTeamCountry "ESP"]
[BlackTeamCountry "ESP"]

1. e4 e6 2. d4 d5 3. Nc3 Bb4 4. Bd2 dxe4 5. Qg4 Nf6 6. Qxg7 Rg8 7. Qh6 Rg6 8. Qe3 Nc6 9. Nge2 Bxc3 10. Bxc3 Ne7 11. Qd2 Ned5 12. 0-0-0 e3 13. fxe3 Ne4 14. Qe1 Qg5 15. Bd2 Nxd2 16. Qxd2 Nxe3 17. h4 Qh6 18. Rh3 0-1

[Event "Aragon-chT Honor Gr II"]
[Site "Aragon"]
[Date "2023.01.28"]
[Round "1.18"]
[White "Rodriguez Aranda, Kevin"]
[Black "Navarro Alonso, Jorge Luis"]
[Result "0-1"]
[WhiteElo "1791"]
[BlackElo "2186"]
[PlyCount "70"]
[EventDate "2023.01.28"]
[EventType "team-tourn"]
[EventRounds "7"]
[EventCountry "ESP"]
[SourceTitle "EXT 2024"]
[Source "ChessBase"]
[SourceDate "2023.10.10"]
[SourceVersion "1"]
[SourceVersionDate "2023.10.10"]
[SourceQuality "1"]
[WhiteTeam "Monzon"]
[BlackTeam "Helios"]
[WhiteTeamCountry "ESP"]
[BlackTeamCountry "ESP"]

1. e4 c5 2. Nf3 e6 3. d4 cxd4 4. Nxd4 Nc6 5. Be3 Nf6 6. Nc3 Bb4 7. Bd3 d5 8. exd5 Nxd5 9. Nxc6 bxc6 10. Bd2 0-0 11. 0-0 Rb8 12. Qg4 f5 13. Qe2 Bd6 14. Nxd5 cxd5 15. Bc3 Qc7 16. Qh5 e5 17. g4 d4 18. gxf5 dxc3 19. bxc3 Qf7 20. Qf3 Bxf5 21. Bxf5 Qxf5 22. Qd5+ Kh8 23. Qxd6 Qg4+ 24. Kh1 Qf3+ 25. Kg1 Rb6 26. Qxe5 Rg6+ 27. Qg3 Qxc3 28. Rac1 Rxg3+ 29. fxg3 Rxf1+ 30. Kxf1 Qc4+ 31. Ke1 Qxa2 32. c4 Qxh2 33. c5 Qxg3+ 34. Kd2 Qf4+ 35. Kc2 h5 0-1

[Event "Aragon-chT Honor Titulo"]
[Site "Aragon"]
[Date "2015.03.21"]
[Round "9.11"]
[White "Cortes Lizano, Jesus"]
[Black "Navarro Alonso, Jorge Luis"]
[Result "1/2-1/2"]
[WhiteElo "2128"]
[BlackElo "2145"]
[PlyCount "38"]
[EventDate "2015.02.21"]
[EventType "team-tourn"]
[EventRounds "10"]
[EventCountry "ESP"]
[SourceTitle "EXT 2017"]
[Source "ChessBase"]
[SourceDate "2016.10.25"]
[SourceVersion "1"]
[SourceVersionDate "2016.10.25"]
[SourceQuality "1"]
[WhiteTeam "St Casablanca II"]
[BlackTeam "Helios"]
[WhiteTeamCountry "ESP"]
[BlackTeamCountry "ESP"]

1. d4 d5 2. c4 c6 3. Nf3 Nf6 4. Nc3 e6 5. cxd5 cxd5 6. Bg5 Nc6 7. e3 Be7 8. Bb5 Bd7 9. 0-0 0-0 10. Bxc6 Bxc6 11. Ne5 Rc8 12. Rc1 Nd7 13. Bxe7 Qxe7 14. Nxc6 Rxc6 15. Ne2 Rfc8 16. Qd2 Rxc1 17. Rxc1 Qd8 18. Rxc8 Qxc8 19. Qc3 Qc6 1/2-1/2

[Event "Aragon-chT Honor GrB"]
[Site "Aragon"]
[Date "2015.03.07"]
[Round "7.28"]
[White "Navarro Alonso, Jorge Luis"]
[Black "Carraminana Lopez, Luis Antonio"]
[Result "1-0"]
[WhiteElo "2145"]
[BlackElo "1968"]
[PlyCount "77"]
[EventDate "2015.01.24"]
[EventType "team-tourn"]
[EventRounds "7"]
[EventCountry "ESP"]
[SourceTitle "EXT 2017"]
[Source "ChessBase"]
[SourceDate "2016.10.25"]
[SourceVersion "1"]
[SourceVersionDate "2016.10.25"]
[SourceQuality "1"]
[WhiteTeam "Helios"]
[BlackTeam "Caissa"]
[WhiteTeamCountry "ESP"]
[BlackTeamCountry "ESP"]

1. e4 d6 2. d4 Nf6 3. Nc3 Nbd7 4. Nf3 e5 5. Bc4 Be7 6. 0-0 0-0 7. a4 c6 8. a5 Rb8 9. Re1 b5 10. axb6 axb6 11. d5 b5 12. dxc6 bxc4 13. cxd7 Bxd7 14. Nd2 Qc7 15. Nf1 Bc6 16. Bg5 Rxb2 17. Ne3 Nxe4 18. Nxe4 Bxe4 19. Bxe7 Qxe7 20. Nxc4 Bxc2 21. Qd2 Qb7 22. Nxb2 Qxb2 23. Reb1 Qxb1+ 24. Rxb1 Bxb1 25. Qxd6 e4 26. g4 h6 27. h4 Bd3 28. Kh2 Re8 29. Kg3 Re6 30. Qd8+ Kh7 31. g5 hxg5 32. hxg5 g6 33. Qf8 Ra6 34. Qxf7+ Kh8 35. Kf4 e3 36. Qe8+ Kg7 37. Qd7+ Kf8 38. Qxd3 Ra4+ 39. Kxe3 1-0

[Event "Aragon-chT Honor Titulo"]
[Site "Aragon"]
[Date "2014.03.22"]
[Round "9.15"]
[White "Navarro Alonso, Jorge Luis"]
[Black "Carraminana Lopez, Luis Antonio"]
[Result "1/2-1/2"]
[WhiteElo "2153"]
[BlackElo "2009"]
[PlyCount "33"]
[EventDate "2014.01.25"]
[EventType "team-tourn"]
[EventRounds "11"]
[EventCountry "ESP"]
[SourceTitle "EXT 2015"]
[Source "ChessBase"]
[SourceDate "2014.11.20"]
[SourceVersion "1"]
[SourceVersionDate "2014.11.20"]
[SourceQuality "1"]
[WhiteTeam "Helios"]
[BlackTeam "Caissa Hermanos Cortes"]
[WhiteTeamCountry "ESP"]
[BlackTeamCountry "ESP"]

1. e4 c6 2. d4 d5 3. exd5 cxd5 4. Nf3 Nf6 5. Ne5 e6 6. Bd3 Bd6 7. c3 Nc6 8. f4 0-0 9. 0-0 Qe7 10. Nd2 Nd7 11. Rf3 f5 12. Rh3 Nf6 13. Ndf3 Bd7 14. Bd2 Be8 15. Qe2 Bh5 16. Re1 Rae8 17. Qf2 1/2-1/2

[Event "Aragon-chT Honor Titulo"]
[Site "Aragon"]
[Date "2014.03.15"]
[Round "8.3"]
[White "Navarro Alonso, Jorge Luis"]
[Black "Antoli Royo, Joaquin Miguel"]
[Result "0-1"]
[WhiteElo "2153"]
[BlackElo "2418"]
[PlyCount "82"]
[EventDate "2014.01.25"]
[EventType "team-tourn"]
[EventRounds "11"]
[EventCountry "ESP"]
[SourceTitle "EXT 2015"]
[Source "ChessBase"]
[SourceDate "2014.11.20"]
[SourceVersion "1"]
[SourceVersionDate "2014.11.20"]
[SourceQuality "1"]
[WhiteTeam "Helios"]
[BlackTeam "Jaime Casas"]
[WhiteTeamCountry "ESP"]
[BlackTeamCountry "ESP"]

1. e4 c5 2. Nc3 Nc6 3. Nf3 d6 4. d4 cxd4 5. Nxd4 e5 6. Nb3 Be7 7. Be2 Nf6 8. 0-0 0-0 9. f4 exf4 10. Bxf4 Be6 11. Kh1 Rc8 12. Qd2 d5 13. exd5 Nxd5 14. Nxd5 Qxd5 15. Qxd5 Bxd5 16. Rad1 Be6 17. c3 Rfe8 18. Rfe1 a5 19. Bb5 Bg4 20. Be2 Be6 21. Bb5 Bh4 22. g3 Be7 23. Kg2 Red8 24. Kf2 g5 25. Be3 Rxd1 26. Rxd1 Ne5 27. Bb6 Bc4 28. Bxc4 Nxc4 29. Rd7 Bf8 30. Rxb7 a4 31. Nd4 Nxb2 32. Nf5 Nd1+ 33. Kf3 Nxc3 34. Kg4 Ne4 35. Bd4 h6 36. Kh5 Rd8 37. Ba1 Rd2 38. Rb8 Rxa2 39. Bg7 Kh7 40. Rxf8 Rxh2+ 41. Kg4 Kg6 0-1

[Event "Aragon-chT Honor GrB"]
[Site "Aragon"]
[Date "2014.03.01"]
[Round "6.27"]
[White "Gella Lopez, Angel"]
[Black "Navarro Alonso, Jorge Luis"]
[Result "0-1"]
[WhiteElo "2084"]
[BlackElo "2153"]
[PlyCount "104"]
[EventDate "2014.01.25"]
[EventType "team-tourn"]
[EventRounds "7"]
[EventCountry "ESP"]
[SourceTitle "EXT 2015"]
[Source "ChessBase"]
[SourceDate "2014.11.20"]
[SourceVersion "1"]
[SourceVersionDate "2014.11.20"]
[SourceQuality "1"]
[WhiteTeam "Huesca Club Atletismo"]
[BlackTeam "Helios"]
[WhiteTeamCountry "ESP"]
[BlackTeamCountry "ESP"]

1. Nf3 c5 2. c4 Nc6 3. Nc3 e5 4. e3 f5 5. d4 e4 6. d5 exf3 7. dxc6 fxg2 8. cxd7+ Qxd7 9. Qxd7+ Bxd7 10. Bxg2 0-0-0 11. b3 Nf6 12. Bb2 Bd6 13. h3 Rhe8 14. 0-0-0 Be5 15. Bd5 Nxd5 16. Nxd5 Bc6 17. Rhg1 Bxd5 18. Rxd5 Rxd5 19. cxd5 g6 20. Re1 Bxb2+ 21. Kxb2 Re7 22. Rd1 Kd7 23. Kc3 Kd6 24. Kc4 Re4+ 25. Kd3 Kxd5 26. f4 b5 27. Ke2+ Kc6 28. Rd8 Re7 29. Rc8+ Rc7 30. Re8 c4 31. bxc4 bxc4 32. Kd2 c3+ 33. Kc2 Kd6 34. Rd8+ Ke6 35. h4 Ke7 36. Rh8 Kd6 37. Rd8+ Ke7 38. Rh8 Kf6 39. Re8 Kg7 40. e4 fxe4 41. Rxe4 Kf6 42. Rd4 h5 43. a4 Kf5 44. a5 Rc5 45. a6 Rc6 46. Ra4 Kg4 47. Rb4 Rxa6 48. Kxc3 Rf6 49. Ra4 Rxf4 50. Rxa7 Kxh4 51. Kd3 g5 52. Ke3 Kg4 0-1

[Event "Aragon-chT Honor GrB"]
[Site "Aragon"]
[Date "2014.02.08"]
[Round "3.31"]
[White "Navarro Alonso, Jorge Luis"]
[Black "Lopez Gracia, Fernando"]
[Result "1/2-1/2"]
[WhiteElo "2153"]
[BlackElo "2354"]
[PlyCount "53"]
[EventDate "2014.01.25"]
[EventType "team-tourn"]
[EventRounds "7"]
[EventCountry "ESP"]
[SourceTitle "EXT 2015"]
[Source "ChessBase"]
[SourceDate "2014.11.20"]
[SourceVersion "1"]
[SourceVersionDate "2014.11.20"]
[SourceQuality "1"]
[WhiteTeam "Helios"]
[BlackTeam "St Casablanca"]
[WhiteTeamCountry "ESP"]
[BlackTeamCountry "ESP"]

1. e4 c5 2. Nc3 Nc6 3. Nf3 g6 4. d4 cxd4 5. Nxd4 Bg7 6. Be3 Nf6 7. Bc4 Qa5 8. 0-0 0-0 9. Nb3 Qc7 10. Be2 d6 11. f4 b6 12. g4 Bb7 13. g5 Nd7 14. Nd5 Qd8 15. f5 Bxb2 16. Rb1 Be5 17. f6 e6 18. Nf4 Nc5 19. Bd3 Nb4 20. a3 Na2 21. Qg4 Nc3 22. Nxc5 dxc5 23. Qh4 Bxf4 24. Qh6 Qxf6 25. Rxf4 Qg7 26. Rb3 Qxh6 27. gxh6 1/2-1/2

[Event "Aragon-chT Honor GrB"]
[Site "Aragon"]
[Date "2014.01.25"]
[Round "1.30"]
[White "Navarro Alonso, Jorge Luis"]
[Black "Campos Hernandez, Antonio"]
[Result "1/2-1/2"]
[WhiteElo "2153"]
[BlackElo "2173"]
[PlyCount "51"]
[EventDate "2014.01.25"]
[EventType "team-tourn"]
[EventRounds "7"]
[EventCountry "ESP"]
[SourceTitle "EXT 2015"]
[Source "ChessBase"]
[SourceDate "2014.11.20"]
[SourceVersion "1"]
[SourceVersionDate "2014.11.20"]
[SourceQuality "1"]
[WhiteTeam "Helios"]
[BlackTeam "Aragon ONCE"]
[WhiteTeamCountry "ESP"]
[BlackTeamCountry "ESP"]

1. e4 c5 2. Nc3 Nc6 3. Bc4 e6 4. d3 a6 5. a3 Nge7 6. Ba2 d5 7. Nge2 dxe4 8. Nxe4 Nd5 9. 0-0 Be7 10. Nf4 0-0 11. Qh5 g6 12. Qh6 Nd4 13. Nxd5 exd5 14. Ng5 Bxg5 15. Bxg5 Qd6 16. Rae1 Nf5 17. Qh3 Bd7 18. c3 Rfe8 19. Qf3 Bc6 20. Bf4 Qd7 21. g4 d4 22. Qh3 Ng7 23. Be5 Bd5 24. Bxd5 Qxd5 25. Bxg7 Kxg7 26. c4 1/2-1/2

[Event "Aragon-chT Honor GrB"]
[Site "Aragon"]
[Date "2013.03.09"]
[Round "7.20"]
[White "Navarro Alonso, Jorge Luis"]
[Black "Pellicer Cerezuela, Miguel"]
[Result "1-0"]
[WhiteElo "2161"]
[BlackElo "1794"]
[PlyCount "71"]
[EventDate "2013.01.26"]
[EventType "team"]
[EventRounds "7"]
[EventCountry "ESP"]
[SourceTitle "EXT 2014"]
[Source "ChessBase"]
[SourceDate "2013.11.20"]
[SourceVersion "1"]
[SourceVersionDate "2013.11.20"]
[SourceQuality "1"]
[WhiteTeam "Helios"]
[BlackTeam "La Aurora Estadilla"]
[WhiteTeamCountry "ESP"]
[BlackTeamCountry "ESP"]

1. e4 e6 2. d4 d5 3. Nc3 Nf6 4. e5 Nfd7 5. f4 c5 6. Nf3 Nc6 7. Be3 Be7 8. Qd2 a6 9. dxc5 Nxc5 10. 0-0-0 b5 11. Nd4 Nxd4 12. Bxd4 Bb7 13. Kb1 Rc8 14. Bd3 Nxd3 15. cxd3 Bb4 16. Rc1 0-0 17. h4 Bc5 18. Qe3 Bxd4 19. Qxd4 f6 20. Rce1 Bc6 21. h5 h6 22. Rhf1 f5 23. Ne2 Be8 24. g4 fxg4 25. f5 Rxf5 26. Rxf5 exf5 27. Nf4 Bxh5 28. Nxh5 Qh4 29. Qxd5+ Kh8 30. Rh1 Qf2 31. a3 Qc2+ 32. Ka1 Qc7 33. e6 f4 34. Qe4 f3 35. e7 Re8 36. Nf6 1-0

[Event "Aragon-chT Preferente"]
[Site "Spain"]
[Date "2010.03.20"]
[Round "9.6"]
[White "Navarro Alonso, Jorge Luis"]
[Black "Ramiro Ovejero, Juan Luis"]
[Result "1/2-1/2"]
[WhiteElo "2204"]
[BlackElo "2346"]
[PlyCount "76"]
[EventDate "2010.01.23"]
[EventType "team-swiss"]
[EventRounds "12"]
[EventCountry "ESP"]
[SourceTitle "EXT 2013"]
[Source "ChessBase"]
[SourceDate "2012.11.22"]
[SourceVersion "1"]
[SourceVersionDate "2012.11.22"]
[SourceQuality "1"]
[WhiteTeam "Shatranj"]
[BlackTeam "Jaime Casas"]
[WhiteTeamCountry "ESP"]
[BlackTeamCountry "ESP"]

1. e4 c5 2. Nf3 e6 3. d4 cxd4 4. Nxd4 Nc6 5. Nc3 Qc7 6. Nxc6 Qxc6 7. Bd3 a6 8. 0-0 b5 9. Re1 Bb7 10. a4 b4 11. Nd5 Nf6 12. Qf3 Bd6 13. Nxf6+ gxf6 14. Qxf6 Rg8 15. Bf4 Rg6 16. Qh4 Bxf4 17. Qxf4 f6 18. Re3 Ke7 19. Rg3 Rag8 20. Qh4 R8g7 21. Re1 Kf7 22. Rxg6 hxg6 23. b3 Qc3 24. Kf1 g5 25. Qh5+ Ke7 26. Qh8 Rf7 27. h4 Qe5 28. Kg1 gxh4 29. Qxh4 Rg7 30. Re3 Qa1+ 31. Kh2 Qd4 32. Rg3 Rxg3 33. fxg3 Qe5 34. Qf4 Qh5+ 35. Qh4 Qe5 36. Qf4 Qh5+ 37. Kg1 Qc5+ 38. Kh2 Qh5+ 1/2-1/2

[Event "Aragon-chT Preferente"]
[Site "Spain"]
[Date "2010.02.27"]
[Round "6.34"]
[White "Navarro Alonso, Jorge Luis"]
[Black "Dominguez Bujeda, Jesus"]
[Result "1/2-1/2"]
[WhiteElo "2204"]
[BlackElo "2111"]
[PlyCount "53"]
[EventDate "2010.01.23"]
[EventType "team-swiss"]
[EventRounds "12"]
[EventCountry "ESP"]
[SourceTitle "EXT 2013"]
[Source "ChessBase"]
[SourceDate "2012.11.22"]
[SourceVersion "1"]
[SourceVersionDate "2012.11.22"]
[SourceQuality "1"]
[WhiteTeam "Shatranj"]
[BlackTeam "Teruel"]
[WhiteTeamCountry "ESP"]
[BlackTeamCountry "ESP"]

1. e4 c5 2. Nc3 Nc6 3. f4 g6 4. Nf3 Bg7 5. Bc4 e6 6. f5 Nge7 7. fxe6 fxe6 8. d3 d5 9. Bb3 b5 10. exd5 exd5 11. Nxb5 Qa5+ 12. Nc3 d4 13. 0-0 dxc3 14. bxc3 Bg4 15. h3 Bf5 16. Rb1 Bxc3 17. Qe2 Rd8 18. Kh1 Rf8 19. Bh6 Rf6 20. Bc4 Qc7 21. Bg7 Qg3 22. Bxf6 Bxf6 23. Be6 Bxe6 24. Qxe6 Qd6 25. Qg4 Nf5 26. Rfe1+ Kf8 27. Rb7 1/2-1/2

[Event "Aragon-chT"]
[Site "Aragon"]
[Date "2009.03.28"]
[Round "9"]
[White "Navarro Alonso, Jorge Luis"]
[Black "Glavina, Pablo"]
[Result "0-1"]
[WhiteElo "2176"]
[BlackElo "2465"]
[PlyCount "90"]
[EventDate "2009.01.24"]
[EventType "team-swiss"]
[EventRounds "9"]
[EventCountry "ESP"]
[SourceTitle "EXT 2011"]
[Source "ChessBase"]
[SourceDate "2010.11.26"]
[SourceVersion "1"]
[SourceVersionDate "2010.11.26"]
[SourceQuality "1"]

1. e4 e5 2. Nf3 Nc6 3. Bb5 a6 4. Ba4 Nf6 5. Qe2 Bc5 6. c3 b5 7. Bb3 d6 8. d3 Rb8 9. 0-0 0-0 10. Rd1 Re8 11. Bg5 h6 12. Be3 Qe7 13. Nbd2 Be6 14. Bxe6 fxe6 15. d4 exd4 16. cxd4 Bb6 17. Rac1 Qd7 18. e5 Nd5 19. Ne4 Nce7 20. g4 Ng6 21. g5 Qf7 22. gxh6 gxh6 23. Bxh6 dxe5 24. Kh1 Rf8 25. Nfg5 Ndf4 26. Qg4 Qf5 27. Bxf8 Qxg4 28. Nf6+ Kxf8 29. Nxg4 exd4 30. Rc6 Ke7 31. Rxb6 Rxb6 32. Rxd4 Rd6 33. Rxd6 Kxd6 34. b3 c5 35. Ne3 Ke5 36. Kg1 Kd4 37. Nf3+ Kc3 38. h4 Kb2 39. Nd2 Nxh4 40. Ne4 Nd3 41. Kf1 Kxa2 42. Ke2 Nc1+ 43. Kd1 Nxb3 44. Kc2 Nf5 45. Nc3+ Ka3 0-1

[Event "Aragon-chT"]
[Site "Aragon"]
[Date "2009.03.14"]
[Round "7"]
[White "Navarro Alonso, Jorge Luis"]
[Black "Valles Mata, David"]
[Result "1-0"]
[WhiteElo "2176"]
[BlackElo "2147"]
[PlyCount "55"]
[EventDate "2009.01.24"]
[EventType "team-swiss"]
[EventRounds "9"]
[EventCountry "ESP"]
[SourceTitle "EXT 2011"]
[Source "ChessBase"]
[SourceDate "2010.11.26"]
[SourceVersion "1"]
[SourceVersionDate "2010.11.26"]
[SourceQuality "1"]

1. e4 e6 2. Nc3 d5 3. d4 Bb4 4. e5 c5 5. Bd2 Ne7 6. f4 Nbc6 7. dxc5 Nf5 8. Nf3 Bxc5 9. Bd3 a6 10. Qe2 Nb4 11. Bxf5 exf5 12. 0-0-0 Be6 13. Be3 Bxe3+ 14. Qxe3 Qa5 15. a3 Nc6 16. Kb1 Ne7 17. Ne2 0-0 18. Ned4 h6 19. g4 fxg4 20. Nh4 g6 21. f5 Bxf5 22. Nhxf5 gxf5 23. Qxh6 Qc7 24. Qg5+ Ng6 25. Nxf5 Qxe5 26. Rxd5 Qe6 27. Rd6 Qe5 28. Rxg6+ 1-0

[Event "Aragon-chT"]
[Site "Aragon"]
[Date "2009.03.07"]
[Round "6"]
[White "Navarro Alonso, Jorge Luis"]
[Black "Lasanta Rica, Cesar"]
[Result "1/2-1/2"]
[WhiteElo "2176"]
[BlackElo "2277"]
[PlyCount "54"]
[EventDate "2009.01.24"]
[EventType "team-swiss"]
[EventRounds "9"]
[EventCountry "ESP"]
[SourceTitle "EXT 2011"]
[Source "ChessBase"]
[SourceDate "2010.11.26"]
[SourceVersion "1"]
[SourceVersionDate "2010.11.26"]
[SourceQuality "1"]

1. e4 c5 2. Nf3 e6 3. d4 cxd4 4. Nxd4 a6 5. c4 Nf6 6. Nc3 Qc7 7. a3 b6 8. Be3 Bb7 9. f3 Be7 10. Be2 d6 11. Rc1 0-0 12. 0-0 Nbd7 13. Qd2 Rac8 14. Rfd1 Qb8 15. b4 Bd8 16. Kh1 Bc7 17. Bg1 Kh8 18. Nb3 Qa8 19. Na4 Bc6 20. Nb2 Ne5 21. Nd4 Bb7 22. Na4 Rcd8 23. Nb3 Ned7 24. Be3 Qb8 25. Bg1 Qa8 26. Be3 Qb8 27. Bg1 Qa8 1/2-1/2

[Event "Aragon-chT"]
[Site "Aragon"]
[Date "2009.02.21"]
[Round "4"]
[White "Navarro Alonso, Jorge Luis"]
[Black "Sig Vargas, Marcos"]
[Result "1-0"]
[WhiteElo "2176"]
[BlackElo "2117"]
[PlyCount "121"]
[EventDate "2009.01.24"]
[EventType "team-swiss"]
[EventRounds "9"]
[EventCountry "ESP"]
[SourceTitle "EXT 2011"]
[Source "ChessBase"]
[SourceDate "2010.11.26"]
[SourceVersion "1"]
[SourceVersionDate "2010.11.26"]
[SourceQuality "1"]

1. e4 c5 2. Nf3 d6 3. d4 cxd4 4. Nxd4 Nf6 5. Nc3 a6 6. Bc4 e6 7. 0-0 b5 8. Bb3 Be7 9. f4 b4 10. Na4 0-0 11. Be3 Bb7 12. f5 e5 13. Ne2 Nbd7 14. Ng3 Nxe4 15. Nxe4 Bxe4 16. c3 a5 17. Qg4 Nf6 18. Qg3 Kh8 19. Rad1 Qe8 20. Nb6 Rd8 21. cxb4 axb4 22. Rc1 Bc6 23. Rfd1 d5 24. Qxe5 Ng4 25. Qg3 Nxe3 26. Qxe3 d4 27. Qd3 Bg5 28. Rc4 Be3+ 29. Kh1 Be4 30. Qf1 Rd6 31. Rc8 Rd8 32. Rxd8 Qxd8 33. Nc4 Bg5 34. Ne5 Qc7 35. Qb5 Qe7 36. Re1 Be3 37. Rf1 h6 38. Bxf7 Qd6 39. Ng6+ Kh7 40. Nxf8+ Qxf8 41. Bg6+ Kh8 42. Qe5 Qa8 43. Qg3 Bd3 44. Rd1 Bc2 45. Rf1 Bd3 46. Rf3 Qc8 47. Rxe3 dxe3 48. Qxe3 Bxf5 49. Qe8+ Qxe8 50. Bxe8 g5 51. Kg1 Kg7 52. Kf2 Kf6 53. Ke3 Ke5 54. g3 Bc8 55. a3 bxa3 56. bxa3 Ba6 57. a4 Bb7 58. Bb5 h5 59. a5 h4 60. a6 Ba8 61. Be2 1-0

[Event "Aragon-chT"]
[Site "Aragon"]
[Date "2009.01.24"]
[Round "1"]
[White "Navarro Alonso, Jorge Luis"]
[Black "Jaques Burguete, Raul"]
[Result "1-0"]
[WhiteElo "2176"]
[BlackElo "2100"]
[PlyCount "49"]
[EventDate "2009.01.24"]
[EventType "team-swiss"]
[EventRounds "9"]
[EventCountry "ESP"]
[SourceTitle "EXT 2011"]
[Source "ChessBase"]
[SourceDate "2010.11.26"]
[SourceVersion "1"]
[SourceVersionDate "2010.11.26"]
[SourceQuality "1"]

1. d4 d5 2. Nf3 c5 3. e3 e6 4. Nbd2 Nf6 5. c3 Nc6 6. Bd3 c4 7. Bc2 b5 8. a3 Bb7 9. 0-0 Qc7 10. Qe2 Bd6 11. e4 dxe4 12. Nxe4 Nxe4 13. Bxe4 Ne7 14. a4 Rb8 15. axb5 Bd5 16. Bxd5 exd5 17. Re1 0-0 18. Bf4 Nc8 19. Bxd6 Qxd6 20. Ra5 Qd8 21. Rea1 f6 22. Qe6+ Kh8 23. g3 Rb6 24. Qf5 Rf7 25. Ng5 1-0

[Event "Aragon-ch"]
[Site "Aragon"]
[Date "2008.08.29"]
[Round "7"]
[White "Quintin Navarro, Alberto"]
[Black "Navarro Alonso, Jorge Luis"]
[Result "1/2-1/2"]
[WhiteElo "1927"]
[BlackElo "2133"]
[PlyCount "24"]
[EventDate "2008.08.23"]
[EventType "swiss"]
[EventRounds "9"]
[EventCountry "ESP"]
[SourceTitle "EXT 2011"]
[Source "ChessBase"]
[SourceDate "2010.11.26"]
[SourceVersion "1"]
[SourceVersionDate "2010.11.26"]
[SourceQuality "1"]

1. d4 d5 2. c4 c6 3. cxd5 cxd5 4. Nc3 Nf6 5. Bf4 Nc6 6. e3 a6 7. Bd3 g6 8. h3 Bg7 9. Nf3 Bf5 10. Bxf5 gxf5 11. Ne5 Qb6 12. 0-0 0-0 1/2-1/2

[Event "Aragon-ch"]
[Site "Aragon"]
[Date "2008.08.27"]
[Round "5"]
[White "Cerrajeria Ruiz, Jesus Maria"]
[Black "Navarro Alonso, Jorge Luis"]
[Result "0-1"]
[WhiteElo "2190"]
[BlackElo "2133"]
[PlyCount "104"]
[EventDate "2008.08.23"]
[EventType "swiss"]
[EventRounds "9"]
[EventCountry "ESP"]
[SourceTitle "EXT 2011"]
[Source "ChessBase"]
[SourceDate "2010.11.26"]
[SourceVersion "1"]
[SourceVersionDate "2010.11.26"]
[SourceQuality "1"]

1. g3 d5 2. Bg2 Nf6 3. Nf3 Bf5 4. c4 c6 5. cxd5 cxd5 6. Qb3 Qb6 7. Qxb6 axb6 8. Nc3 e6 9. Nb5 Na6 10. d3 Bb4+ 11. Bd2 Ke7 12. h3 h6 13. a3 Bxd2+ 14. Kxd2 Rhc8 15. Rhc1 Nc5 16. Nbd4 Bh7 17. b4 Ncd7 18. Rxc8 Rxc8 19. Nb5 Ne8 20. Rc1 Rxc1 21. Kxc1 Nd6 22. Nfd4 Nf6 23. Kd2 Nxb5 24. Nxb5 Ne8 25. e4 Nd6 26. Nxd6 Kxd6 27. exd5 exd5 28. Ke3 Bf5 29. Kd4 Be6 30. f4 f6 31. h4 g5 32. fxg5 fxg5 33. hxg5 hxg5 34. Bf3 Bf7 35. Bg4 Be6 36. Bh5 Bf5 37. Bf7 Be6 38. Be8 Bg8 39. Bg6 Be6 40. Bh7 Bf7 41. Bf5 Be6 42. Bxe6 Kxe6 43. g4 Kd6 44. a4 Ke6 45. a5 bxa5 46. bxa5 Kd6 47. Kc3 Kc5 48. Kb3 Kb5 49. Kc3 Kxa5 50. Kd4 b5 51. Kxd5 b4 52. Kc4 Ka4 0-1

[Event "Aragon-chT"]
[Site "Aragon"]
[Date "2008.04.05"]
[Round "8"]
[White "Gavin Roche, Enrique"]
[Black "Navarro Alonso, Jorge Luis"]
[Result "1-0"]
[WhiteElo "2278"]
[BlackElo "2136"]
[PlyCount "55"]
[EventDate "2008.02.02"]
[EventType "team-swiss"]
[EventRounds "12"]
[EventCountry "ESP"]
[SourceTitle "EXT 2011"]
[Source "ChessBase"]
[SourceDate "2010.11.26"]
[SourceVersion "1"]
[SourceVersionDate "2010.11.26"]
[SourceQuality "1"]

1. d4 d5 2. c4 c6 3. e3 Nf6 4. Bd3 e6 5. Nf3 Nbd7 6. 0-0 Bd6 7. b3 Qe7 8. Bb2 e5 9. Nh4 g6 10. Nc3 e4 11. Be2 h5 12. g3 Ng4 13. cxd5 Nxh2 14. dxc6 bxc6 15. Kxh2 Qxh4+ 16. Kg2 Qe7 17. d5 h4 18. dxc6 hxg3 19. Rh1 Rxh1 20. cxd7+ Bxd7 21. Qxh1 0-0-0 22. Rc1 Kb8 23. f4 exf3+ 24. Bxf3 Qe8 25. Rc2 Be5 26. Nd5 Qh8 27. Bxe5+ Qxe5 28. Qh4 1-0

[Event "Aragon-chT"]
[Site "Aragon"]
[Date "2008.02.23"]
[Round "4"]
[White "Lafarga Santorroman, David"]
[Black "Navarro Alonso, Jorge Luis"]
[Result "0-1"]
[WhiteElo "2278"]
[BlackElo "2136"]
[PlyCount "140"]
[EventDate "2008.02.02"]
[EventType "team-swiss"]
[EventRounds "12"]
[EventCountry "ESP"]
[SourceTitle "EXT 2011"]
[Source "ChessBase"]
[SourceDate "2010.11.26"]
[SourceVersion "1"]
[SourceVersionDate "2010.11.26"]
[SourceQuality "1"]

1. d4 d5 2. c4 e6 3. Nc3 c6 4. e3 Nf6 5. Nf3 Nbd7 6. Bd3 dxc4 7. Bxc4 b5 8. Bd3 b4 9. Ne4 Be7 10. Nxf6+ Nxf6 11. e4 Bb7 12. Qe2 c5 13. Bb5+ Kf8 14. e5 Nd5 15. 0-0 h6 16. dxc5 Bxc5 17. Bd2 Qb6 18. Bd3 Rc8 19. a3 a5 20. Rfc1 Ke7 21. axb4 axb4 22. Ba6 Bxa6 23. Rxa6 Bxf2+ 24. Kf1 Rxc1+ 25. Bxc1 Qc5 26. Ra1 Be3 27. Nd2 Ra8 28. Rxa8 Qxc1+ 29. Qe1 Bxd2 30. Qxc1 Bxc1 31. Ra7+ Ke8 32. b3 g6 33. Ra8+ Ke7 34. Ra7+ Kf8 35. Ke2 Bf4 36. g3 Bxe5 37. Kf3 Kg7 38. Ke4 Bc7 39. Rb7 h5 40. Kf3 g5 41. h3 Kg6 42. g4 h4 43. Ke4 f6 44. Kf3 Be5 45. Kg2 Nf4+ 46. Kh2 f5 47. Rb5 Kf6 48. Rb7 Bd6 49. Rd7 Bc5 50. Rc7 Bd4 51. Rd7 Bc3 52. Rb7 Ne2 53. gxf5 exf5 54. Rb6+ Ke5 55. Rb5+ Kf4 56. Rc5 Nd4 57. Rc4 Kf3 58. Rc5 g4 59. hxg4 fxg4 60. Rg5 Nxb3 61. Rf5+ Ke4 62. Rh5 Be1 63. Rg5 Kf4 64. Rd5 Nd2 65. Rd4+ Kf3 66. Rd3+ Kf2 67. Kh1 b3 68. Rd4 b2 69. Kh2 g3+ 70. Kh3 b1Q 0-1